• 首页
  • 本馆介绍
  • 公告通知
  • 最新文献
  • 馆藏检索
  • 电子资源
  • 读者导购
  • 参考咨询
  • 我的图书馆
  • 登录
  • 详细信息显示
  • 放入我的书架
  • 预约/预借图书
  • 作者相关作品
  • 分类相关作品
  • 丛书相关作品
  • 出版社相关作品

书目信息

  • 表格格式
  • 工作单格式
  • 卡片格式
题名:
佳片有约
    
 
作者: 董锋
分册:  
出版信息: 大连   大连出版社  1999
页数: 438页
开本: 20cm
丛书名:
单 册:
中图分类: J99
科图分类:
主题词: 电影事业
电子资源:
ISBN: 7-80612-606-6
000 00477nam0 2200181 450
001 0728815141
005 20070819080015.14
010    @a7-80612-606-6@d¥20.00
100    @a20070819d km y0chiy0120 ea
101 0  @achi
200 1  @a佳片有约@Ajia pian you yue@f董锋等@Fdong feng deng
210    @a大连@c大连出版社@d1999
215    @a438页@d20cm
606 0  @a电影事业
690    @aJ99@v3
701  0 @a董锋@Adong feng
801  0 @aCN@bPFT@c20070819
905    @a213230@dJ99@eZW159@f1
    
    佳片有约/董锋等.-大连:大连出版社,1999
    438页;20cm
    
    
    ISBN 7-80612-606-6:¥20.00
    
●
相关链接 在E读中查询图书 在五车中查询图书 在当当中查询图书 在豆瓣中查询图书


正题名:佳片有约     索取号:J99/ZW159         预约/预借

序号 登录号 条形码 馆藏地/架位号 状态 备注
1 7614896   276148955   密集书库-文学院/ [索取号:J99/ZW159] 在馆    
唐山师范学院图书馆 欢迎您!
大连网信软件有限公司© 版权所有